000 00679nam a22001817a 4500
003 UA-OsUOA
001 15074
007 ta
008 20031029b un ||||| |||| 00| 0 ukr d
100 _aОчеретяна М.
942 _cSA
040 _aUA-OsUOA
_cUA-OsUOA
_dUA-OsUOA
245 _aБандура вразила французів
_b[Рівнен. бандуристка М.Очеретяна розповідає про участь у Міжнар. фест. гітаристів у м. Беаріц (Фра]нція)
300 _aС.7
955 _a0
773 0 _w0
_tОго
_dРівне
_d2003
_g№152/11 верес./
650 7 _aКраєзнавча робота
_2UDC
999 _c301239
_d301239